000 00423nam a22001337a 4500
020 _a9787108051936
082 _a951
_bCHU
100 _a Gan, Chunsong
245 _a 保教立国 : 康有为的现代方略=Protecting Education and Founding the Nation: Kang Youwei's Modern Strategy
_cGan, Chunsong
260 _aBeijing
_bSDX Joint publishing company
_c2015
300 _a328p
563 _aPB
942 _2ddc
_cBK
999 _c591794
_d591794